[Event "Hoogovens"]
[Site "Wijk aan Zee"]
[Date "1990.01.??"]
[Round "2"]
[White "Anand, Viswanathan"]
[Black "Nunn, John DM"]
[Result "0-1"]
[WhiteElo "2555"]
[BlackElo "2600"]
[Annotator "Anand,V"]
[PlyCount "82"]
[EventDate "1990.01.??"]
[EventType "tourn"]
[EventRounds "13"]
[EventCountry "NED"]
[EventCategory "13"]
[SourceTitle "CBM 017"]
[Source "ChessBase"]
[SourceDate "1990.08.01"]
[SourceVersion "1"]
[SourceVersionDate "1990.08.01"]
[SourceQuality "1"]

1. e4 {Schussler} e5 2. Nf3 Nc6 3. Bb5 a6 4. Ba4 Nf6 5. O-O Be7 6. Re1 b5 7.
Bb3 O-O 8. c3 d5 9. exd5 Nxd5 10. Nxe5 Nxe5 11. Rxe5 c6 12. Bxd5 cxd5 13. d4
Bd6 14. Re3 Qh4 15. h3 g5 (15... f5 {Schussler} 16. Qf3 Bb7 17. Nd2 g5 18. Qe2
f4 19. Nf3 Qh5 20. Nxg5 $1 $18 {Hübner-Nunn, SkellefteÅ 1989}) 16. b3 (16. Qf3
Be6 17. Qf6 Rfe8 $1 (17... Rae8 $6) 18. Na3 Qh5 19. Bd2 Be7 20. Qf3 Qg6 21.
Rae1 g4 {Hubner-Nunn Haifa 1989}) 16... f5 $1 17. Qf3 (17. Ba3 f4 18. Re5 $5
Bxa3 19. Nxa3 f3 $132 20. g3 Qxh3 21. Rxg5+ Kh8 22. Qf1 Qh6 23. Qc1 Qh3 24. Qf1
$10) 17... Bb7 18. Re6 $2 (18. Ba3 g4 19. Qe2 f4 20. Bxd6 fxe3 21. Bxf8 exf2+
22. Qxf2 Qxf2+ 23. Kxf2 Rxf8+ 24. Kg1 gxh3 25. gxh3 Bc8 $10) 18... Rae8 $1 19.
Rxe8 Rxe8 20. Kf1 g4 $1 $8 (20... f4 21. Ba3 $16) 21. Qxf5 gxh3 22. Qxh3 (22.
gxh3 $2 Bc8 23. Qxd5+ Be6 24. Qg2+ Kh8 25. Bg5 Qxg5 $1 26. Qxg5 Bxh3+ 27. Qg2
Bxg2+ 28. Kxg2 Re1 29. c4 bxc4 30. bxc4 Kg7 $19) 22... Qxh3 23. gxh3 Bc8 $17
24. Be3 Bxh3+ 25. Ke2 Bg4+ 26. Kd3 Bf5+ 27. Ke2 Bg4+ 28. Kd3 Bf5+ 29. Ke2 Rc8
$1 30. f3 Kf7 (30... h5 $2 31. Nd2 Rxc3 32. Rg1+ Kf7 33. Rg5 $132) 31. Bd2 h5
32. c4 Re8+ 33. Kf2 Bd3 34. Be3 h4 35. f4 dxc4 36. bxc4 bxc4 37. Nd2 Rb8 38.
Kf3 c3 39. Ne4 Bb4 40. Rd1 Bxe4+ 41. Kxe4 c2 (41... c2 42. Rc1 Rc8 43. Rh1 Re8+
44. Kd3 Rxe3+ 45. Kxe3 Ba3 $19) 0-1

[Event "Dortmund SuperGM"]
[Site "Dortmund"]
[Date "2000.07.12"]
[Round "5"]
[White "Anand, Viswanathan"]
[Black "Adams, Michael"]
[Result "1-0"]
[WhiteElo "2762"]
[BlackElo "2755"]
[Annotator "Anand,V"]
[PlyCount "89"]
[EventDate "2000.07.07"]
[EventType "tourn"]
[EventRounds "9"]
[EventCountry "GER"]
[EventCategory "17"]
[SourceTitle "CBM 078"]
[Source "ChessBase"]
[SourceDate "2000.10.18"]
[SourceVersion "1"]
[SourceVersionDate "2000.10.18"]
[SourceQuality "1"]

{Michael and I were tied for the lead on +2 going into the 5th round. After
our game in Dos Hermanas, Elizbar and I found an improvement and this seemed
like a good time to try it.} 1. e4 e5 2. Nf3 Nc6 3. Bb5 a6 4. Ba4 Nf6 5. O-O
Be7 {OK, Marshall it is!} 6. Re1 b5 7. Bb3 O-O 8. c3 d5 9. exd5 Nxd5 10. Nxe5
Nxe5 11. Rxe5 c6 12. Re1 Bd6 13. d3 Qh4 14. g3 Qh3 15. Re4 Qf5 16. Nd2 Qg6 17.
Re1 {All standard theory.} f5 18. a4 Rb8 19. axb5 axb5 {Thus far, our game in
Dos Hermanas. Now I tried our idea.} 20. Ne4 $1 {Normally speaking, this
usually results in a White loss and several diagrams in chess magazines, but
here the big difference is the open a-file. Black has to always watch out for
Ra6 .} fxe4 21. dxe4 Bg4 22. Qd4 Bf3 $1 (22... Rbe8 23. Ra6 $1) 23. exd5 c5 24.
Qh4 (24. Qd2 c4 25. Bd1 (25. Bc2 Qg4 26. Bd1 Bc5) 25... Bc5 {I didn't see what
to do here, and even the computer's sugggestion of b4 is not relly enough.} 26.
b4 cxb3 27. Bxb3 Bg4 28. Rf1 Bh3 29. d6+ Kh8 30. Qd5 Bb6) 24... Rbe8 25. Be3 (
25. Rxe8 Rxe8 26. Be3 (26. Bf4 c4 27. Bxd6 cxb3 {Black seems to have enough
compensation here thanks to the opposite colored bishops.}) 26... Qd3 $1 {
Simpler and now 27.Re1 loses to...} (26... Rxe3 27. fxe3 Qd3 28. Ra8+ Kf7 {
Here I saw the draw with 29.Qg5, but at home, Hiarcs pointed out 29.Rf8} 29.
Rf8+ $3 (29. Qg5 h6 30. Ra7+ Ke8 31. Ra8+ Kf7 $11) 29... Bxf8 30. Qf4+ Kg8 31.
Qxf3 c4 32. Bd1 Qd2 33. Be2 Qxb2 $44) 27. Re1 (27. Bf4 c4) 27... Rxe3 $1 28.
fxe3 Qd2 $19) 25... Qf5 $6 (25... Re5 $1 26. Qh3 (26. Rac1 $2 Rh5 27. Bc2 Qf7
$19) 26... c4 27. Ba2 (27. Bd1 Bxd5 {Probably White has to take the draw.} 28.
Ra6 Qe4 29. f3 Rxf3 30. Bxf3 Qxf3 31. Rxd6 Qh1+ 32. Kf2 Qf3+ $11) 27... Ra8 $1
{This move had me worried during the game.} 28. Qd7 Bf8 $44) 26. Rac1 $1 Be4 ({
Now White can meet...} 26... Re4 {with} 27. Bc2) 27. Bd1 Bxd5 $6 (27... Qxd5
28. Be2 {Black has a lot of play, but still I feel it is not sufficient for a
pawn.}) 28. Bc2 $1 Qf3 $4 {Michael simply blundered} ({However, even after} 
28... Be4 29. Bxe4 Rxe4 30. Qg5 Qe6 31. Qh5 $1 {White keeps a healthy extra
pawn.} (31. Rcd1 $2 Re5 32. Qh4 $4 (32. Rxd6 Qxd6 33. Qg4 $15) 32... Be7 {
Traps the queen.})) 29. Qxh7+ Kf7 30. Qf5+ {He had simply missed this -
otherwise White has to take the draw with 30.Qg6+} Kg8 31. Qxf3 Bxf3 32. Bd3 c4
33. Bf1 {The rest is fairly easy.} Re5 34. Bg2 Bh5 35. Bd4 Rxe1+ 36. Rxe1 Bf7
37. Ra1 b4 38. cxb4 {I didn't want to allow b3 and maybe some Ba3 tricks.} Bxb4
39. Ra8 Rxa8 40. Bxa8 g5 41. Kg2 Kh7 42. Be4+ Kh6 43. Be3 Kh5 44. h3 Be6 45.
g4+ 1-0

[Event "Biel MTO op"]
[Site "Biel"]
[Date "2006.07.26"]
[Round "3"]
[White "Arizmendi Martinez, Julen Luis"]
[Black "Nemet, Ivan"]
[Result "1-0"]
[WhiteElo "2542"]
[BlackElo "2353"]
[Annotator "Arizmendi,J"]
[PlyCount "65"]
[EventDate "2006.07.24"]
[EventType "swiss"]
[EventRounds "11"]
[EventCountry "SUI"]
[SourceTitle "CBM 113 Extra"]
[Source "ChessBase"]
[SourceDate "2006.09.14"]
[SourceVersion "1"]
[SourceVersionDate "2006.09.14"]
[SourceQuality "1"]

1. e4 e5 {Nemet has always been faithful to the Sicilian Najdorf, but as of
late has been flirting with some strange lines of the Petroff.} 2. Nf3 Nc6 {
Now, this was a shock. He had not played this in many, many years. Of course,
I became suspicious.} 3. Bb5 a6 4. Ba4 {For a moment I felt tempted to play
the exchange variation, but then I thought: Ok, let´s see what he is up to...}
Nf6 5. O-O Be7 6. Re1 b5 7. Bb3 O-O {So this was it, the Marshall Gambit.
Nemet told me after the game he had prepared a "little surprise" and showed me
his idea. All I will say is that he would have certainly caught me unawares.}
8. c3 d5 9. d4 $5 {A move popularized by Shirov, although it should not
promise much with correct play. Anyhow, I had been looking into the Marshall
some time ago, and found absolutely nothing for White in the main line, so I
had no intention of accepting the pawn. As a matter of fact, nobody seems to
be willing to go for it these days, Anand-Bacrot, Sofia 2006 being a notable
exception. The Indian player soon found himself in an awkward position, which
just goes to prove how dangerous the Marshall really is.} exd4 ({The main
alternative is} 9... dxe4 10. Nxe5 ({Thus far nobody has tried} 10. dxe5 Qxd1
11. Bxd1 exf3 ({moving the knight has the looks, but after} 11... Ng4 12. Rxe4
Rd8 13. Nbd2 {Fritz fails to see anything convincing:} Bf5 14. Re2 Bd3 15. Re1
Bc5 16. Nd4) 12. Bxf3 Bb7 13. exf6 Bxf6 14. Bf4 Nd8 $5 15. Bxb7 Nxb7 16. Bxc7
Rfe8 17. Nd2 Nc5 {with active play in return for the pawn.}) 10... Nxe5 (10...
Bb7 11. Nd2 Nxe5 (11... Na5 12. Bc2 c5 13. Nxe4 cxd4 14. cxd4 Nxe4 15. Bxe4
Bxe4 16. Rxe4 $16 {A.Zhigalko-Nataf, Moscow 2004.}) (11... Bd6 12. Ng4 $1) 12.
dxe5 Nd7 13. Nxe4 Nxe5 14. Bf4 $1 Nd7 (14... Nd3 15. Bxc7 Qxc7 16. Qxd3) 15.
Qd3 Bxe4 (15... Nf6 16. Nxf6+ Bxf6 17. Qxd8 Raxd8 18. Bxc7 Rd2 19. Rad1 Rxb2
20. Bd6 Bxc3 (20... Rc8 21. Ba3) 21. Re7 $18) 16. Qxe4 Bd6 17. Bxd6 cxd6 18.
Red1 $1 $16 {Palac-Beliavsky, Slovenija 2003.}) 11. dxe5 Qxd1 12. Bxd1 Nd7 13.
Bc2 Bb7 14. Bxe4 Bxe4 15. Rxe4 Rad8 16. Nd2 Nc5 17. Re2 $14 {
Degreave-Vullieumier, Vandoeuvre 2004.}) ({Also possible is} 9... Nxe4 10. dxe5
Be6 {and we reach a position from the Open Spanish which supposedly is good
for Black because White has already played Re1, a move which is not always
necessary in this variation. However, players like Grischuk and Gashimov (11.
Nd4), Bologan (11.h3) and Korneev (11.Nbd2) have been experimenting with this
idea from the normal Open Spanish move-order, so there is probably more to it
than meets the eye.}) 10. e5 Ne4 11. cxd4 Bg4 ({Another possibility is} 11...
Bf5 12. Nc3 Nxc3 13. bxc3 Qd7 14. Bg5 Ba3 15. Qe2 h6 {Bacrot-Anand, Corcica
Masters 2004} 16. Bc1 Be7 17. h3 $13 {(Anand)}) 12. Nc3 Bxf3 (12... Nxc3 13.
bxc3 Qd7 14. h3 Bh5 15. g4 Bg6 16. Bg5 Ba3 17. Qd2 Be4 18. Nh4 Be7 19. f3 Bg6
20. Ng2 $16 {did not work out well for black in Korneev-Sargissian, European
Ch qual 2004}) 13. gxf3 Nxc3 14. bxc3 Qd7 ({Usually, black prefers to play} 
14... f5 {straight away} 15. Kh1 Na5 16. Rg1 Kh8 17. Bc2 {with chances for
both sides.}) 15. Kh1 $1 {A good, flexible move. For the time being, I want to
keep my pawn on f3, leaving some space for my c1-bishop.} (15. f4 f5) 15... Nd8
$2 {The idea behind this move is correct, but the specifics just don´t work
out.} (15... f5) 16. f4 f5 $6 ({After the game both my opponent and I agreed
that} 16... c6 {was better.} {Nevertheless, after} 17. Bc2 f5 18. exf6 Rxf6 (
18... Bxf6 19. Qh5 {transposes to the game.}) 19. Qd3 Rh6 (19... g6 20. f5 $1
Rxf5 21. Qh3) 20. f5 Rf6 21. Bg5 Rf7 22. Rxe7 $1 Rxe7 23. f6 gxf6 24. Bxf6 $16
{black is in deep trouble. Therefore, there is no doubt that his fifteenth
move was a big, probably decisive mistake.}) 17. exf6 Bxf6 (17... Rxf6 {allows}
18. Rxe7 Qxe7 19. Bxd5+ $18) 18. Qh5 c6 19. Bc2 g6 20. Rg1 $18 Bg7 {There is
no other way to prevent f5, but now white has} 21. Rxg6 $1 hxg6 22. Bxg6 Rf6 ({
After} 22... Bf6 23. Ba3 {there is little black can do against Rg1}) 23. Bh7+
$1 {Flashy, but} (23. Qh7+ Kf8 24. Ba3+ Rd6 25. Bf5 Qe7 26. Rg1 {was probably
even stronger}) 23... Kf8 (23... Kh8 24. Bf5+) 24. Ba3+ Rd6 25. Qf5+ $1 {
This is the key move. Now black is simply lost.} Ke7 (25... Qxf5 26. Bxd6+ Kf7
27. Bxf5 {leaves white two pawns up.}) 26. Re1+ Ne6 27. Qg6 {Threats are
adding up and black is already forced to shed some material in order to save
his king.} Re8 28. Qxg7+ Kd8 29. Qf6+ Kc8 30. Bf5 {getting fancy.} ({My first
idea was} 30. Bxd6 $1 Qxh7 31. f5 (31. Rxe6 $2 Qb1+ 32. Kg2 Rg8+) 31... Nc7 32.
Rxe8+ Nxe8 33. Qg6 {but then I thought, "why, what´s the hurry?"}) 30... c5 31.
Bxc5 Nxc5 $2 ({Of course, only at this point did I realize the d6 rook is no
longer pinned, so} 31... Rc6 {is perfectly possible. Luckily, I had not
screwed up too badly and white is still winning fairly easily:} 32. Bb4 (32. a4
Kb7 33. axb5 axb5 34. Qe5 $18) 32... Kb7 33. Qe5 Qd8 34. Bg6 Rh8 35. f5 Nc7 36.
Qe7 $18 {Nemet, in terrible time trouble, did not notice he could move the
rook and went down quickly.}) 32. Bxd7+ Kc7 33. Qxd6+ 1-0